| 000 | 00752nam a2200253 a 4500 | ||
|---|---|---|---|
| 999 |
_c18540 _d18540 |
||
| 001 | 4275260 | ||
| 003 | BDDh-ASL | ||
| 005 | 20231015025719.0 | ||
| 008 | 841005s1932 e b 001 0 eng | ||
| 010 | _a 84900643 | ||
| 025 | _aI E 46837 | ||
| 040 |
_aDLC _cDLC _dBDDh-ASL |
||
| 043 | _aa-ii--- | ||
| 050 | 0 | 0 |
_aDS480.45 _b.P6 1984 |
| 082 | 0 | 0 |
_a954 _219 _bPOI |
| 100 | 1 |
_aPole, D. Graham _q(David Graham) |
|
| 245 | 1 | 0 |
_aIndia in transition / _cby D. Graham Pole. |
| 260 |
_aLondon: _bHogarth Press, _c1932. |
||
| 300 |
_axii, 395 p. : _c23 cm. |
||
| 504 | _aIncludes bibliographical references and index. | ||
| 651 | 0 |
_aIndia _xPolitics and government _y1919-1947. |
|
| 906 |
_a7 _bcbc _corignew _d4 _encip _f19 _gy-gencatlg |
||
| 942 |
_2ddc _cBK |
||